Bienvenue à la Médiathèque de Saint-Andiol
banniere
Accueil Recherche avancée Mon compte
handi1 Rechercher dans le catalogue

Filtre   Mots-clés
  Recherche avancée
 
Lister les dernières nouveautés
 
Lister les livres GROS CARACTERES
 
Lister les périodiques (magazines)

handi1 Bestiaire magique

<< Retourner aux résultats de la recherche
Book Cover
Auteur principal : Dino Buzzati
Autres auteurs : Michel Breitman Claudio Marabini
Titre : Bestiaire magique
Support : Livres
Langue : Francais
Genre : Roman
Sujets :
Étiquettes :
Pas de tags
LEADER 00880nam0a2200217 450
001 16868261
010 |a 978-2-221-12977-7  |b Br.  |d 9,9 € 
100 |a 20120201d2012 u u0frey01 ba 
101 1 |a fre  |c fre 
102 |a FR 
200 0 |a Bestiaire magique  |f Dino Buzzati  |g traduit de l'italien par Michel Breitman - préface Claudio Marabini 
207 1 |a   
215 |a 432 p.  |d 19 x 13 cm 
330 |a Trente-cinq nouvelles et quinze articles inédits de l'auteur du Désert des Tartares. Un thème : les animaux, monstrueux ou familiers, ménagerie fabuleuse dont Buzzati aimait à peupler ses fictions. 
608 |a Roman italien 
700 0 |a Buzzati  |b Dino  |4 70 
702 0 |a Breitman  |b Michel  |4 730 
702 0 |a Marabini  |b Claudio  |4 80 
900 |a Roman 
901 |a Adultes 
995 |a Médiathèque  |c Médiathèque  |f 00156008096448  |h 00156008096448  |k R BUZ  |o p  |q a  |r az  |e Médiathèque